Elements of criticism. (Record no. 91401)

MARC details
000 -LEADER
fixed length control field 00437cam a22001691 4500
001 - CONTROL NUMBER
control field unk82069788
003 - CONTROL NUMBER IDENTIFIER
control field DLC
005 - DATE AND TIME OF LATEST TRANSACTION
control field 20260227112800.0
008 - FIXED-LENGTH DATA ELEMENTS--GENERAL INFORMATION
fixed length control field 821215s1930 nyu 000 0 eng
010 ## - LIBRARY OF CONGRESS CONTROL NUMBER
LC control number unk82069788
040 ## - CATALOGING SOURCE
Original cataloging agency DLC
Transcribing agency CarP
Modifying agency DLC
050 00 - LIBRARY OF CONGRESS CALL NUMBER
Classification number PN81
Item number .K3 1970
100 1# - MAIN ENTRY--PERSONAL NAME
Personal name Kames, Henry Home,
Titles and words associated with a name Lord,
Dates associated with a name 1696-1782.
245 00 - TITLE STATEMENT
Title Elements of criticism.
260 ## - PUBLICATION, DISTRIBUTION, ETC.
Place of publication, distribution, etc. New York :
Name of publisher, distributor, etc. G. Gims,
Date of publication, distribution, etc. 1930.
300 ## - PHYSICAL DESCRIPTION
Extent 5 v. ;
Dimensions 20 cm.

No items available.

Powered by Koha